| Tag |
First Indicator |
Second Indicator |
Subfields |
| LEADER |
00000cam a22000001 4500 |
| 001 |
in00000290421 |
| 005 |
20151010085050.0 |
| 008 |
740506s1967 enkae b 00010 eng |
| 010 |
|
|
|a 67027322
|
| 015 |
|
|
|a B67-17917
|
| 035 |
|
|
|a (OCoLC)00669689
|
| 035 |
|
|
|9 ABG2536AM
|
| 040 |
|
|
|a DLC
|c DLC
|d TXA
|d UtOrBLW
|
| 049 |
|
|
|a TXAM
|c [480006]
|
| 050 |
0 |
0 |
|a QH315
|b .B76 1967
|
| 082 |
0 |
|
|a 574/.07
|
| 100 |
1 |
|
|a Bremner, Jean P.
|
| 245 |
1 |
0 |
|a Teaching biology /
|c [by] Jean Bremner.
|
| 264 |
|
1 |
|a London,
|a Melbourne [etc.] :
|b Macmillan;
|a New York :
|b St. Martin's P.,
|c 1967.
|
| 300 |
|
|
|a 7 unnumbered pages, 116 pages :
|b plans, diagrams ;
|c 22 1/2 cm.
|
| 336 |
|
|
|a text
|b txt
|2 rdacontent
|
| 337 |
|
|
|a unmediated
|b n
|2 rdamedia
|
| 338 |
|
|
|a volume
|b nc
|2 rdacarrier
|
| 504 |
|
|
|a Includes bibliographies.
|
| 650 |
|
0 |
|a Biology
|x Study and teaching.
|
| 999 |
|
|
|a MARS
|
| 999 |
f |
f |
|s 02ec2ad8-3d9d-3948-a3b9-b63f5de0f8d8
|i 47a37ebd-a1b2-308c-a6dc-07f2c560bdc4
|t 0
|
| 952 |
f |
f |
|p ric
|a Texas A&M University
|b Rellis Campus
|c Joint Library Facility
|d Remote Storage
|t 0
|e QH315 .B76 1967
|h Library of Congress classification
|i unmediated -- volume
|m A14804839288
|
| 998 |
f |
f |
|a QH315 .B76 1967
|t 0
|l Remote Storage
|